000 00287nam a2200109Ia 4500
008 190216s9999||||xx |||||||||||||| ||und||
100 _a"Srivastava Rm, & Divya Nigam"
245 0 _aCorporate Strategic Management
260 _bSulthan Chand&Sons
_c2000
300 _a310p
942 _cBK
999 _c6081
_d6081